Programa para el cálculo de parámetros eléctricos y capacidades de líneas de transmisión

Guardado en:
書目詳細資料
主要作者: Jara Castro, José Mario, 1978-
其他作者: Blanco Roldán, Jorge, 1950- Director de Proyecto Eléctrico
格式: 圖書
出版: San José, Costa Rica 2001
主題:
標簽: 添加標簽
沒有標簽, 成為第一個標記此記錄!

MARC

LEADER 00000nam a2200000Ia 4500
003 008895
005 20231120085906.0
008 140114s2001 cr a m 000 ||s d
040 |c cru CEDI 
090 |a TFG 4456 
100 |a Jara Castro, José Mario, 1978-  |9 1787 
245 |a Programa para el cálculo de parámetros eléctricos y capacidades de líneas de transmisión  
260 |a  San José, Costa Rica  |c 2001 
300 |a  x, 113 hojas : ilustraciones a color 
500 |a Tesis (licenciatura en ingeniería eléctrica)--Universidad de Costa Rica. Facultad de Ingeniería. Escuela de Ingeniería Eléctrica 
501 |a Director de Proyecto de Graduación: Dr. Ing. Jorge Blanco Roldán 
650 |x LINEAS ELECTRICAS   |x  PROGRAMAS PARA COMPUTADORA  |9 7474 
700 |a Blanco Roldán, Jorge, 1950-  |d Director de Proyecto Eléctrico   |9 736 
942 |c TFG  |h TFG 4456  |i 008895  |6 TFG_4456_008895000000000 
999 |c 17985  |d 17985